| 000 | 00748cam a22002651 4500 | ||
|---|---|---|---|
| 001 | 29606 | ||
| 003 | BD-RjUL | ||
| 005 | 20211209051431.0 | ||
| 008 | 140406r19661942enkp 001 0 eng d | ||
| 035 | _a(BD-RjUL)29691 | ||
| 035 | _a(OCoLC)1457033 | ||
| 040 |
_aDLC _cFJ _dDLC _dBD-RjUL _beng |
||
| 041 | _aeng | ||
| 082 | 0 | 0 |
_a615.852 _bBAY 1966 |
| 100 | 1 |
_aBailes, Frederick W. _989154 |
|
| 245 | 1 | 0 |
_aYour mind can heal you / _cby Frederick W. Bailes. |
| 260 |
_aLondon : _bGeorge Allen & Unwin Ltd, _c1942 [Reprinted 1966] |
||
| 300 |
_ax p., 1 l., 242 p. ; _c20 cm. |
||
| 500 | _a"First edition." | ||
| 504 | _aIncludes Index | ||
| 650 | 0 |
_aMental healing. _985849 |
|
| 942 |
_2ddc _cBK |
||
| 999 |
_c29606 _d29606 |
||